=LDR 00000nam 2200000 4500 =001 INLIS000000000809924 =008 ###################################ind## =035 ##$$a 0010-0925000049 =245 ##$$a Hakikat & Konsekuensi Syahadat Bahwa Nabi Muhammad Utusan Allah / $c Syaikh Abdul Aziz bin Abdullah Alu Asy Syaikh =260 ##$$b Darul Haq =084 ##$$a 297.211 ABD